Плаване към извора (Запис номер 161645)
[ съкратено ]
| 000 -Лидер | |
|---|---|
| Контролно поле с фиксирана дължина | 01097nam a2200325 c 4500 |
| 003 - Код на организацията, давaща контролен номер | |
| Контролно поле | BLK |
| 005 - Дата и час на последна редакция | |
| Контролно поле | 20220715091138.0 |
| 008 - Елементи от данни с фиксирана дължина | |
| fixed length control field | 180410b bul|||||r ||||||| ||bul|| |
| 010 ## - Наследен системен номер | |
| LC control number | KNG00168974000 |
| 040 ## - Източник на каталожния запис | |
| Идентификатор на билиотеката - собственик на записа | BLK |
| 041 ## - Код за език | |
| Код за езика на текст/звукозапис или на отделно заглавие | Български |
| Код за езика КДБФ | Български |
| 072 #7 - Код за тематичната категория | |
| Код организация | bullib |
| Код за тематична категория | Я |
| Текст | Автографи |
| 072 #7 - Код за тематичната категория | |
| Код организация | bullib |
| Код за тематична категория | К |
| Текст | Краезнание |
| 080 ## - УДК | |
| Текстов определител УДК | Българска литература |
| УДК код - определител по УДК | 821.163.2 |
| УДК определител | -1 |
| УДК - код + определител | 821.163.2-1 |
| 100 1# - Редна дума - Автор | |
| Автор | Коларов, Иван Стоянов |
| Авторска отговорност | първи автор |
| R(LIN) | 372482 |
| 139 ## - Редно поле | |
| Редна дума | Коларов, Иван Стоянов |
| Авторски знак | Кок - К 77 |
| 245 10 - Сведения за заглавието | |
| Заглавие | Плаване към извора |
| Подзаглавни данни | Стихове |
| Редно поле (дума) | Иван Стоянов Коларов. |
| 257 ## - Страна на издаване | |
| Страна на създаване/издаване | България |
| 260 ## - Област на издателските данни | |
| Име на издателя, разпространителя и проч. | Държ. воен. изд. |
| Година на издаване | 1973 |
| Място на издаване, разпространение и проч. | Варна |
| 300 ## - Физическа характеристика | |
| Страници | 103 с. |
| Размери/Мащаб | 20 см |
| 380 ## - Жанр | |
| Жанр | Худож. лит. |
| 500 ## - Общи забележки | |
| Забележка | 1 100 тир. |
| 659 ## - Тематичен бюлетин | |
| Тематичен бюлетин | К |
| 659 ## - Тематичен бюлетин | |
| Тематичен бюлетин | Я |
| 852 ## - Местоположение | |
| Форматна сигнатура | Цб 66614 |
| 852 ## - Местоположение | |
| Форматна сигнатура | К 821.163.2/К 77 И |
| 856 4# - Електронен адрес и достъп | |
| Електронен формат | pdf - файл |
| 856 4# - Електронен адрес и достъп | |
| Електронен формат | pdf - файл |
| 999 ## - СИСТЕМНИ КОНТРОЛНИ НОМЕРА | |
| Koha biblionumber | 161645 |
| Koha biblioitemnumber | 161645 |
| 942 ## - АРТИКУЛИ | |
| Вид на библиотечния материал | Книги |
| Скрит в OPAC | Не |
| Периодичен библиозапис | Да |
| 944 ## - СЪЗДАВАНЕ И РЕДАКЦИЯ на ЗАПИСА | |
| Създаване/Редакция | Създаване |
| Дата на регистрацията/редакция | 18.12.2014 |
| Статус, дата на статуса | 18.12.2014 - от С1,Р / 18.12.2014 |
| Служител, извършил регистрацията/редакцията | Нора_Радева |
| 944 ## - СЪЗДАВАНЕ И РЕДАКЦИЯ на ЗАПИСА | |
| Създаване/Редакция | Редакция |
| Дата на регистрацията/редакция | 18.12.2014 |
| Статус, дата на статуса | 18.12.2014 - от С1,Р / 18.12.2014 |
| 999 ## - СИСТЕМНИ КОНТРОЛНИ НОМЕРА | |
| Koha biblioitemnumber | 161645 |
| 999 ## - СИСТЕМНИ КОНТРОЛНИ НОМЕРА | |
| Koha biblioitemnumber | 161645 |
| Код за отписване | Код за изгубен артикул | Източник на класификационната схема | Код за повреда | Коз за рестрикции | Код за отдаване | Артикулен № | Име на библиотеката - собственик | Име на библиотеката, в която се намира в момента | Статус (Текущо местоположение) | Дата на вписване в системата | Местоположение - отдел | Цена в лева | Инвентарен номер | Систематично азбучна сигнатура | Баркод | Номер на екземпляра | Цена в евро | Служебна бележка | Служебен тип на артикула | Номерация (Хронология) |
|---|---|---|---|---|---|---|---|---|---|---|---|---|---|---|---|---|---|---|---|---|
| Не е изгубен | Universal Decimal Classification | Не е повреден | без рестрикции | ползва се в читалня | 270069 | Регионална библиотека "Любен Каравелов" Русе | Регионална библиотека "Любен Каравелов" Русе | Хранилище | 1973-01-01 | Хранилище | 0.73 | 133391 | Цб 66614 | 120000133391 | 1 | 0.37 | Дост: Dp Вид: Д Дата: 01.01.1973 | Книги | ||
| Не е изгубен | Universal Decimal Classification | Не е повреден | без рестрикции | ползва се в читалня | 270070 | Регионална библиотека "Любен Каравелов" Русе | Регионална библиотека "Любен Каравелов" Русе | Краезнание | 1973-01-01 | Краезнание | 0.73 | 147920 | К 821.163.2/К 77 И | 120000147920 | 2 | 0.37 | Вид: Сф Дата: 01.01.1973 Дата инв: 14.11.2017 Бележки инв: К2017 | Книги | Автограф: Иван Коларов | |
| Не е изгубен | Universal Decimal Classification | Не е повреден | без рестрикции | ползва се в читалня | 270071 | Регионална библиотека "Любен Каравелов" Русе | Регионална библиотека "Любен Каравелов" Русе | Краезнание | 1973-01-01 | Краезнание | 0.73 | 133858 | К 821.163.2/К 77 И | 120000133858 | 3 | 0.37 | Вид: Сф Дата: 01.01.1973 Дата инв: 16.11.2017 Бележки инв: К2017 | Книги | ||
| Изтеглен | Не е изгубен | Universal Decimal Classification | Не е повреден | без рестрикции | заемане за дома | 270072 | Регионална библиотека "Любен Каравелов" Русе | Регионална библиотека "Любен Каравелов" Русе | Заемна - подръчен фонд | 1973-01-01 | Заемна - подръчен фонд | 0.00 | 133857 | П 886.7-1/К 77 | 133857 | 4 | 0.00 | Вид: Сф Дата: 01.01.1973 | Книги |